Quiz de la commu - Antoine daniel (2025) - Statistiques

Statistiques générales
  • Ce quiz a été pris 76 fois
  • Le résultat moyen est 15 sur 37
Statistiques - réponses
Hint Réponse % Correct
Team du ________ Lundi
91%
Quoi ? Feur
89%
Donatien applaudis tout les soirs à __ heures 20
79%
Durée moyenne des pré-lives: 2m, 10m, 30m, 1h 30m
79%
Première édition du ZEvent auquel il participe ? 2018
72%
Bravo les ________ Lesbiennes
72%
Année de naissance ? 1989
66%
Nombre d'épisode canons de WTC ? 38
64%
Premier ministre crewmate, parfois imposteur J34nC4st3x
64%
Couleur du silp du skin minecraft ? rouge
64%
A chaque pièce SOS tout le chat offre un ______ sub
64%
Ville natale Enghin les bains
57%
Fille d'Antoine sur QSMP ? Pomme
55%
Antoine est le hater n°1 de la ville de __________ Charleroi
53%
Comment ? dan cousteau
53%
Jeu le plus stream sur la chaine Geoguessr
51%
Tour de _______ Merde
51%
De quelle ville sont les dealeurs qui on le numéro d'Antoine ? Strasbourg
47%
Jeu préféré ? Final Fantasy XIV
43%
"Je réagis à moi qui réagis à mon horrible conférence de _____" 2014
38%
"Importées directement d' ______ qui fait face à l'Afrique du Sud" Italie
36%
Antoine est haïs par les joueurs de ____ _______ Star Citizen / SC
32%
Pokémon créé par Antoine enfant ? Orequin
28%
Pseudo complet sur youtube Mister Antoine Daniel
23%
Jeu qu'il adorait et jouait tout le temps début 2025 alors que son PC plantait sans cesse, et depuis qu'il est réparé, il n'y joue plus. Crusader Kings III, CK3 / CKIII
21%
"C'est une échelle? - Non c'est un _______ ! " -Phoenix Wright escabeau
21%
Prix (de base) d'un bouteille de champagne Montazac&Torez ? 1000
19%
Numéro de téléphone de Donatien ? 3944
19%
Tombeau d'Antoine sur Among Us ? Caméra / Sécurité / Security
19%
Dans quel pays d'Asie antoine a il des origines (1/8). Japon
19%
Ville ou habitait Antoine entre 2019 et 2023 ? Colombes (Hauts de Seine)
13%
Personnage de Antoine dans le lore des videos Joueur du Grenier ? Nick Furries
13%
Pays du tag "Soral à raison" sur geoguessr ? Macedoine du nord
4%
Selon chat GPT, dans quelle village vit le gros JDG ? Verdoyantville
4%
Nom complet du personnage d'Antoine dans animal crossing ? xEnz0Du25x
4%
Nombre de tentatives pour les 25K en 2min/round sur geoguessr ? 1333
2%
Pays préféré sur geoguessr ? Finlande
2%
Aucun quiz correspondant
Distribution des résultats
% des personnes avec chaque résultat
Percentile par nombre de réponses
Votre historique - résultats
Vous n’avez pas pris ce quiz